000 01851nam0a2200409 4500
001 RU\NLR\bibl\905847
005 20250614181729.0
010 _a5-472-00865-4
_95000
021 _aRU
_b2005-77592
_93826
035 _a(nilc)RSL-KNO-002775274
035 _a(NLR Aleph) 000894242
090 _a1737542
_c1737542
100 _a20051125d2006 |||y0rusy50 ca
101 0 _arus
102 _aRU
105 _aa |||||||||
106 _ar
200 1 _aБухгалтерский учет
_eпособие для подгот. к экзамену на звание "Проф. бухгалтер"
_e[курс лекций]
_fГ. Е. Машинистова, Л. Г. Горенко, Г. А. Манохина, А. Ю. Манохин
_gпод ред. Г. Е. Машинистовой
210 _aМ.
_cЭкзамен
_d2006
215 _a573 с.
_cил., табл.
_d24
225 1 _aЭкзамен
606 1 _aБухгалтерский учет
_jУчебные издания
_yРоссийская Федерация
_92073607
_3RU\NLR\auth\661248526
610 0 _aЭкономика -- Учет -- Российская Федерация -- Бухгалтерский учет -- Пособие для специалистов
686 _aУ052.9(2)20я73-1
_2rubbk
686 _aУ052.9(2)2я7
701 1 _aМашинистова
_bГ. Е.
_gГалина Евгеньевна
_4070
701 1 _aГоренко
_bЛ. Г.
_gЛюбовь Григорьевна
_4070
701 1 _aМанохина
_bГ. А.
_gГалина Алексеевна
_4070
701 1 _aМанохин
_bА. Ю.
_gАлександр Юрьевич
_4070
801 0 _aRU
_bRuMoRKP
_c20051125
_grcr
801 1 _aRU
_bRuMoRGB
_c20051125
801 2 _aRU
_bNLR
_c20060209
_grcr
830 _aАвт. по кн.
942 _cBOOK
980 _aNB